| 000 | 00825nam a2200277Ia 4500 | ||
|---|---|---|---|
| 001 | C9578 | ||
| 003 | IT-RoPAU | ||
| 008 | 130308s9999 xx 000 0 und d | ||
| 040 | _aIT-RoPAU | ||
| 040 | _cIT-RoPAU | ||
| 041 | _aITALIANO | ||
| 100 | _aRizzo Renato | ||
| 100 | _gCodice Aut. SPICS: 1998 | ||
| 245 | _aTv come cultura? (La) - Dall'informazione-spettacolo alla serialità come messaggio | ||
| 245 | _bDal Cinema Alla Videorealta': spettacoli e spettatori Dentro e fuori la Tv | ||
| 250 | _a1a ed. | ||
| 260 | _aVENEZIA | ||
| 260 | _bCinit/Cineforum | ||
| 260 | _c1991 [1° Ed.:1991 - Ed.Ling.Originale:1991] | ||
| 300 | _a"12 p. (prefazione: no ; testo: 12 [pagine: 105-116])" | ||
| 650 | _aSAGGI SUL CINEMA | ||
| 650 | _eCodice materia Spics: 6811 | ||
| 942 | _cBK | ||
| 957 | _71 | ||
| 999 |
_c84169 _d84169 |
||
| 999 | _g1 | ||